| 000 | 00387nam a2200157Ia 4500 | ||
|---|---|---|---|
| 008 | 230524s9999 xx 000 0 und d | ||
| 082 |
_a621.38 _bRYD |
||
| 100 | _aJohn D.Ryder | ||
| 245 | 0 | _aElectronic Fundamentals and Applications | |
| 250 | _a5TH | ||
| 260 |
_aNEW DELHI _bPHI _c2005 |
||
| 300 | _aXIII;525 | ||
| 500 | _aQuantity Number: 2 | ||
| 650 | _aElectronics | ||
| 942 | _cBK | ||
| 999 |
_c37114 _d37114 |
||